000 00434nam a2200157 i 4500
001 87243
003 ES-MaACL
005 20230906175627.0
007 t|
008 041220s1925 gw ||||1| ger d
100 1 _aKnottnerus-Meyer, Th.
_968370
245 1 0 _aTierre im zoo /
_cTh. Knottnerus-Meyer.
260 _aLeipzig :
_b[s.n.,
_c1925] (
_fJulius Klinlhardt)
300 _a261 p. ;
_c27 cm.
852 _aES-MaACL
_jA-4916
_bR.16885
999 _c87243
_d87243